Reflexões sobre o socialismo (Record no. 74068)

MARC details
000 -LÍDER
campo de controle de tamanho fixo 00402 a2200169 4500
001 - NÚMERO DE CONTROLE
campo de controle 74068
020 ## - ISBN - INTERNATIONAL STANDARD BOOK NUMBER
ISBN - International Standard Book Number 851600142-3
040 ## - FONTE DA CATALOGAÇÃO
Instituição que transcreveu o registro Anchieta - Colégio São Paulo
100 ## - ENTRADA PRINCIPAL--NOME PESSOAL
Nome pessoal Tragtenberg, Maurício
240 10 - TÍTULO UNIFORME
Título uniforme Reflexões sobre o socialismo
Idioma da obra por
245 10 - TÍTULO
Título Reflexões sobre o socialismo
300 ## - DESCRIÇÃO FÍSICA
Extensão 95
362 0# - DATAS DE PUBLICAÇÃO E/OU DESIGNAÇÃO SEQUENCIAL
Datas de publicação e/ou designação sequencial 1991
440 #1 - DECLARAÇÃO DE SÉRIE/ENTRADA ADICIONADA--TÍTULO
Título Moderna
650 #4 - ASSUNTO--TERMO TÓPICO
Cabeçalho tópico ou nome geográfico Ciência política
942 ## - ELEMENTOS DE ENTRADA ADICIONADOS (KOHA)
Tipo de material Koha Livros
Holdings
Situação do descarte Situação das perdas Situação física Não pode ser emprestado Biblioteca de origem Biblioteca atual Data de aquisição Total de empréstimos Número de chamada completo Código de barras Data de último acesso Data do preço efetivo Tipo de material Koha
        Colégio São Paulo Colégio São Paulo 22/11/2023   320 T765 4513/CSP 22/11/2023 22/11/2023 Livros